10 départements français aléatoires - Statistiques

Statistiques générales
  • Ce quiz a été pris 61 fois
  • Le résultat moyen est 8 sur 10
Statistiques - réponses
Numéro Département % Correct
02 Aisne
100%
03 Allier
100%
07 Ardèche
100%
08 Ardennes
100%
11 Aude
100%
13 Bouches-du-Rhône
100%
16 Charente
100%
2A Corse-du-Sud
100%
23 Creuse
100%
24 Dordogne
100%
27 Eure
100%
28 Eure-et-Loir
100%
33 Gironde
100%
43 Haute-Loire
100%
05 Hautes-Alpes
100%
70 Haute-Saône
100%
68 Haut-Rhin
100%
92 Hauts-de-Seine
100%
38 Isère
100%
39 Jura
100%
972 Martinique
100%
976 Mayotte
100%
59 Nord
100%
75 Paris
100%
64 Pyrénées-Atlantiques
100%
69 Rhône
100%
71 Saône-et-Loire
100%
77 Seine-et-Marne
100%
76 Seine-Maritime
100%
93 Seine-Saint-Denis
100%
80 Somme
100%
82 Tarn-et-Garonne
100%
90 Territoire de Belfort
100%
85 Vendée
100%
86 Vienne
100%
88 Vosges
100%
78 Yvelines
100%
42 Loire
89%
29 Finistère
86%
36 Indre
86%
01 Ain
83%
06 Alpes-Maritimes
83%
34 Hérault
83%
60 Oise
83%
79 Deux-Sèvres
80%
25 Doubs
80%
35 Ille-et-Vilaine
80%
40 Landes
80%
54 Meurthe-et-Moselle
80%
63 Puy-de-Dôme
80%
94 Val-de-Marne
80%
15 Cantal
75%
65 Hautes-Pyrénées
75%
37 Indre-et-Loire
75%
44 Loire-Atlantique
75%
49 Maine-et-Loire
75%
50 Manche
75%
72 Sarthe
75%
67 Bas-Rhin
71%
2B Haute-Corse
71%
47 Lot-et-Garonne
71%
61 Orne
71%
10 Aube
67%
12 Aveyron
67%
18 Cher
67%
19 Corrèze
67%
22 Côtes-d'Armor
67%
26 Drôme
67%
971 Guadeloupe
67%
52 Haute-Marne
67%
87 Haute-Vienne
67%
974 La Réunion
67%
46 Lot
67%
53 Mayenne
67%
55 Meuse
67%
95 Val-d'Oise
67%
14 Calvados
63%
09 Ariège
60%
30 Gard
60%
973 Guyane
60%
31 Haute-Garonne
60%
84 Vaucluse
60%
21 Côte-d'Or
57%
91 Essonne
57%
73 Savoie
55%
17 Charente-Maritime
50%
45 Loiret
50%
48 Lozère
50%
51 Marne
50%
57 Moselle
50%
62 Pas-de-Calais
50%
83 Var
50%
81 Tarn
44%
74 Haute-Savoie
40%
32 Gers
33%
56 Morbihan
33%
58 Nièvre
33%
41 Loir-et-Cher
20%
04 Alpes-de-Haute-Provence
0%
66 Pyrénées-Orientales
0%
89 Yonne
0%
Aucun quiz correspondant
Distribution des résultats
% des personnes avec chaque résultat
Percentile par nombre de réponses
Votre historique - résultats
Vous n’avez pas pris ce quiz